Marka lub Firma na "K" - Statystyki

Ogólne statystyki
  • Ten quiz został rozwiązany 42 razy
  • Średni wynik to 2 z 10
Statystyki odpowiedzi
Odpowiedź % Poprawnych
Kia
63%
Kik
44%
Kaufland
37%
Kappa
22%
KFC
22%
Knorr
22%
Koral
15%
Krupnik
7%
Kubuś
7%
Kustosz
4%
Nie znaleziono quizów pasujących do podanych kryteriów
Rozkład punktacji
Procent ludzi z każdym wynikiem
Percentyl według liczby udzielonych odpowiedzi
Twoja historia wyników
Nie rozwiązałeś tego quizu